LEADER 01779nam 2200553Ia 450 001 9910465422603321 005 20200520144314.0 010 $a1-61122-566-3 035 $a(CKB)2560000000067788 035 $a(EBL)3018889 035 $a(SSID)ssj0000426635 035 $a(PQKBManifestationID)12149004 035 $a(PQKBTitleCode)TC0000426635 035 $a(PQKBWorkID)10389127 035 $a(PQKB)11709647 035 $a(MiAaPQ)EBC3018889 035 $a(Au-PeEL)EBL3018889 035 $a(CaPaEBR)ebr10661828 035 $a(OCoLC)669518243 035 $a(EXLCZ)992560000000067788 100 $a20091008d2010 uy 0 101 0 $aeng 135 $aur|n|---||||| 181 $ctxt 182 $cc 183 $acr 200 00$aRadioactive contamination research developments$b[electronic resource] /$fNadine K. Henshaw and Cade S. Alleyne, editors 210 $aNew York $cNova Science Publishers$dc2010 215 $a1 online resource (308 p.) 225 1 $aEnvironmental remediation technologies, regulations and safety series 300 $aDescription based upon print version of record. 311 $a1-60741-174-1 320 $aIncludes bibliographical references and index. 410 0$aEnvironmental remediation technologies, regulations and safety. 606 $aRadioactive pollution 606 $aRadioecology 608 $aElectronic books. 615 0$aRadioactive pollution. 615 0$aRadioecology. 676 $a363.17/9907 701 $aHenshaw$b Nadine K$0912508 701 $aAlleyne$b Cade S$0912509 801 0$bMiAaPQ 801 1$bMiAaPQ 801 2$bMiAaPQ 906 $aBOOK 912 $a9910465422603321 996 $aRadioactive contamination research developments$92043769 997 $aUNINA LEADER 02593nam 2200661 a 450 001 9910963575303321 005 20200520144314.0 010 $a0-7618-9124-2 010 $a1-283-09888-1 010 $a9786613098887 010 $a0-7618-5427-4 035 $a(CKB)2670000000083680 035 $a(EBL)689583 035 $a(OCoLC)726734719 035 $a(SSID)ssj0000529777 035 $a(PQKBManifestationID)11359186 035 $a(PQKBTitleCode)TC0000529777 035 $a(PQKBWorkID)10560725 035 $a(PQKB)11527740 035 $a(Au-PeEL)EBL689583 035 $a(CaPaEBR)ebr10468560 035 $a(CaONFJC)MIL309888 035 $a(MiAaPQ)EBC689583 035 $a(EXLCZ)992670000000083680 100 $a20110531d2011 uy 0 101 0 $aeng 135 $aur|n|---||||| 181 $ctxt 182 $cc 183 $acr 200 14$aThe 2008 elections in Florida $echange! but only at the top of the ticket /$fRobert E. Crew, Jr. and Slater Bayliss ; with the assistance of Monica L. Moore 210 $aLanham, Md. $cUniversity Press of America$d2011 215 $a1 online resource (151 p.) 225 1 $aPatterns and trends in Florida elections series 300 $aDescription based upon print version of record. 311 08$a0-7618-5426-6 320 $aIncludes bibliographical references and index. 327 $apt. 1. The 2008 presidential election in Florida -- pt. 2. Voting behavior in the Florida presidential election -- pt. 3. The Congressional elections -- pt. 4. The state legislative races -- pt. 5. The Florida elections of 2008 in perspective. 330 $aThis book utilizes multiple types of data to provide an explanation for the disparate outcomes of the 2008 elections in Florida. It chronicles changes in voter registration and voter turnout over time and compares the electoral behavior of social groups in Florida to that in the nation as a whole. 410 0$aPatterns and trends in Florida elections series. 606 $aPresidents$zUnited States$xElection$y2008 607 $aFlorida$xPolitics and government 607 $aFlorida$2fast 607 $aUnited States$2fast 607 $aFlorida$2swd 615 0$aPresidents$xElection 676 $a320.9759 676 $a324.609759 700 $aCrew$b Robert E$01102786 701 $aBayliss$b Slater$01855244 701 $aMoore$b Monica L$01855245 801 0$bMiAaPQ 801 1$bMiAaPQ 801 2$bMiAaPQ 906 $aBOOK 912 $a9910963575303321 996 $aThe 2008 elections in Florida$94453336 997 $aUNINA LEADER 02478nam 22005654a 450 001 9910956846203321 005 20251107172357.0 010 $a0-19-256785-3 010 $a0-19-256784-5 035 $a(CKB)4100000007177628 035 $a(MiAaPQ)EBC834765 035 $a(Au-PeEL)EBL834765 035 $a(CaPaEBR)ebr10180687 035 $a(CaONFJC)MIL75265 035 $a(OCoLC)778339564 035 $a(FINmELB)ELB167104 035 $a(EXLCZ)994100000007177628 100 $a20050711d2018 uy 0 101 0 $aeng 135 $aurcn||||||||| 181 $ctxt$2rdacontent 182 $cc$2rdamedia 183 $acr$2rdacarrier 200 10$aPower, sex, suicide $emitochondria and the meaning of life /$fNick Lane 205 $aSecond edition. 210 $aOxford ;$aNew York $cOxford University Press$d2018 215 $a1 online resource $cillustrations 225 1 $aOxford landmark science series 311 08$a0-19-883190-0 320 $aIncludes bibliographical references and index. 327 $aThe deepest evolutionary chasm -- Quest for a progenitor -- The hydrogen hypothesis -- The meaning of respiration -- Proton power -- The origin of life -- Why bacteria are simple -- Why mitochondria make complexity possible -- The power laws of biology -- The warm-blooded revolution -- Conflict in the body -- Foundations of the individual -- The asymmetry of sex -- What human prehistory says about the sexes -- Why there are two sexes -- The mitochondrial theory of ageing -- Demise of the self-correcting machine -- A cure for old age? 330 $aMitochondria are tiny structures within all our cells, believed to have once evolved from bacteria living independent lives. Drawing on cutting edge research, this book explores the fundamental role they play in some of the biggest themes in biology: evolution, the origin of the sexes, in growth, ageing, disease, and in death. 410 0$aOxford landmark science. 606 $aMitochondria 606 $aMitochondrial DNA 606 $aEnergy metabolism 606 $aEukaryotic cells$xEvolution 615 0$aMitochondria. 615 0$aMitochondrial DNA. 615 0$aEnergy metabolism. 615 0$aEukaryotic cells$xEvolution. 676 $a571.6/57 700 $aLane$b Nick$0616630 801 0$bMiAaPQ 801 1$bMiAaPQ 801 2$bMiAaPQ 906 $aBOOK 912 $a9910956846203321 996 $aPower, sex, suicide$94452808 997 $aUNINA